Reglament del Centre Excursionista de Catalunya
Descripción Física:
12 p. ; 21 cm
MARC
| LEADER | 00000nam a2200000Ia 4500 | ||
|---|---|---|---|
| 001 | 20618 | ||
| 008 | 160829s1892 xx 000 0 cat d | ||
| 080 | |a 3396, exp. 5 | ||
| 100 | |a Centre Excursionista de Catalunya |9 46977 | ||
| 245 | |a Reglament del Centre Excursionista de Catalunya | ||
| 260 | |a Barcelona : |b Tip. y llibreria l'Avenç, de Massó y Casas, |c 1892 | ||
| 300 | |a 12 p. ; |c 21 cm | ||
| 590 | |a Inclou signatura manuscrita del secretari del Centre Excursionista Jaume Massó i Torrents, a la pàg. 12 | ||
| 650 | |a Centre Excursionista de Catalunya |x Reglaments i procediment |9 48099 | ||
| 901 | |a Arxiu | ||
| 942 | |n 1 | ||
| 952 | |0 0 |1 0 |4 0 |6 3396_EXP_5 |7 1 |9 54324 |a Arxiu |b Arxiu |d 2016-12-01 |l 0 |o 3396, exp. 5 |p 20618 |r 2016-12-01 00:00:00 |w 2016-12-01 |y ARXIU | ||
| 999 | |c 58193 |d 58193 | ||